- Escalante, Evodio,
Entry Nombre Personal
001 - NUMERO DE CONTROL
- campo de control: 40036
003 - IDENTIFICADOR DE NUMERO DE CONTROL
- campo de control: DLC
005 - FECHA Y HORA DE LA ÜLTIMA TRANSACCIÓN
- campo de control: 20230529144308.0
008 - DATOS DE LONGITUD FIJA
- campo de control de longitud fija: 230529n| azannaabn |n aaa
010 ## - NÚMERO DE CONTROL DE LA BIBLIOTECA DEL CONGRESO
- Número de control LC: n 79094925
035 ## - NUMERO DE CONTROL
- Número de control: (OCoLC)oca00327168
040 ## - FUENTE DE CATALOGACIÓN
- Agencia original de catalogación: DLC
- Lenguaje de catalogación: spa
- Description conventions: rda
- Agencia de transcripción: DLC
- Agencia que lo modifica: DLC
- Agencia que lo modifica: OCoLC
- Agencia que lo modifica: UPB
- Agencia que lo modifica: TxU
- Agencia que lo modifica: MX-MxUPN
046 ## - FECHAS CON CODIFICACIÓN ESPECIAL
- Fecha de nacimiento: 19460102
053 #0 - NÚMERO DE CLASIFICACIÓN LC
- Número de clasificación elemento-número único o número inicial de tramo: PQ7298.15.S2875
100 1# - ENCABEZAMIENTO - NOMBRE PERSONAL
- Nombre personal: Escalante, Evodio,
- Fechas asociadas con el nombre: 1946-
370 ## - LUGAR ASOCIADO
- Associated country: México
- Place of birth: Durango (Durango, México)
- Fuente del término: naf
373 ## - GRUPO ASOCIADO
- Associated group: Universidad Autónoma Metropolitana. Unidad Iztapalapa
- Fuente del término: naf
374 ## - OCUPACIÓN
- Occupation: Profesor universitario
375 ## - GÉNERO
- Gender: masculino
377 ## - LENGUA ASOCIADA
- Language code: spa
670 ## - FUENTE EN LA QUE SE LOCALIZARON DATOS
- Cita de la fuente: En su obra: José Revueltas, una literatura del "lado moridor," 1979:
- Información localizada: portada (Evodio Escalante)
670 ## - FUENTE EN LA QUE SE LOCALIZARON DATOS
- Cita de la fuente: Festival Internacional de Poesía (2nd : 1983 : Morelia, Mexico). Antología del Segundo Festival Internacional de Poesía, Morelia, 1983, 1984:
- Información localizada: portada (Evodio Escalante) página 85 (n. 1-2-46, profesor en letras en la Univ. Autónoma Metropolitana, Unidad Iztapalapa)
670 ## - FUENTE EN LA QUE SE LOCALIZARON DATOS
- Cita de la fuente: Las sendas perdidas de Octavio Paz, 2013:
- Información localizada: solapa delantera (born 1946 in Durango, Dgo. [Mexico]; founder and professor at the Universidad Autónoma Metropolitana-Iztapalapa)
670 ## - FUENTE EN LA QUE SE LOCALIZARON DATOS
- Cita de la fuente: Crápula, 2013:
- Información localizada: portada (Evodio Escalante)
902 ## - CATALOGADOR
- Catalogador: NDAF/290523
